000 00214 a2200097 4500
020 _a978-0-8249-5447-5
041 _aspa
100 _aStephanie McFetridge Britt
245 _aMi primer libro de oraciones
942 _cBK
999 _c9095
_d9095